| 000 | 00434 a2200169 4500 | ||
|---|---|---|---|
| 005 | 20250626133807.0 | ||
| 020 | _a978-0-7487-9825-4 | ||
| 082 | _a150.72 BAI | ||
| 100 | _aBAILEY, J | ||
| 245 | _aAQA, Psychology A | ||
| 260 |
_aLondon _bOxford University Press _c2014. |
||
| 300 |
_axiii,580p.: ill.; figures, tables _bIndex _c26cm |
||
| 700 | _aNick Lund | ||
| 700 | _aJulia Willerton | ||
| 700 | _aJane Willson | ||
| 942 |
_2ddc _cBKS |
||
| 999 |
_c5364 _d5364 |
||